Primary processing of rubberwood in Kerala: Report of a sample survey (Record no. 48308)
[ view plain ]
| 000 -LEADER | |
|---|---|
| fixed length control field | 00357nam a2200133Ia 4500 |
| 100 ## - MAIN ENTRY--AUTHOR NAME | |
| Personal name | Joseph T |
| 245 #0 - TITLE STATEMENT | |
| Title | Primary processing of rubberwood in Kerala: Report of a sample survey |
| 260 ## - PUBLICATION, DISTRIBUTION, ETC. (IMPRINT) | |
| Name of publisher | Wood News |
| Year of publication | 1996 |
| 300 ## - PHYSICAL DESCRIPTION | |
| Number of Pages | 39-43 |
| 650 ## - SUBJECT ADDED ENTRY--TOPICAL TERM | |
| Topical Term | Rubberwood processing |
| 700 ## - ADDED ENTRY--PERSONAL NAME | |
| Personal name | George K T |
| 942 ## - ADDED ENTRY ELEMENTS (KOHA) | |
| Koha item type | Bibliography RLWO |
| Withdrawn status | Lost status | Damaged status | Not for loan | Home library | Current library | Date acquired | Serial Enumeration / chronology | Koha item type |
|---|---|---|---|---|---|---|---|---|
| Bibliography | RRII Library | RRII Library | 31/12/2021 | Volume 5, Issue 4 | Bibliography RLWO |